| 000 | 01874nam a2200301 a 4500 | ||
|---|---|---|---|
| 001 | BRCA_2717 | ||
| 005 | 20190320203933.0 | ||
| 008 | 031208s1892----sp-a---###---#000-0#spa-u | ||
| 041 | _aspa | ||
| 044 | _asp | ||
| 084 |
_a217 _b.G67 _c1892 |
||
| 100 | 1 |
_aCervantes Saavedra, Miguel de _d1547-1616 _9213 |
|
| 245 | 1 | 0 |
_aEl Ingenioso Hidalgo Don Quijote de la Mancha _ccompuesto por Miguel de Cervantes Saavedra. |
| 260 |
_aBarcelona _bC. Gorchs _c1892 |
||
| 300 |
_a6 v. _bil. _c23 cm. |
||
| 500 | _aContenido : v 1. Primera parte. Dedicatoria de la Real Academia Española por el editor. Dedicatoria del autor. Prólogo del autor. Versos preliminares. Texto. Variantes. -- v 2. Texto. Variantes. -- v 3. Texto. Variantes. -- v 4. Segunda parte. Retrato de Cervantes. Dedicatoria del autor. Prólogo del autor. Texto. Variantes. -- v 5. Texto. Variantes. -- v 6. Texto. Variantes | ||
| 500 | _aVa dedicada a la Academia Española en agradecimiento por haber concedido al Sr. Gorchs la reproducción del retrato de Cervantes y las láminas en acero, que exornaron las ediciones académicas. Las variantes que van al final de todos los tomos están tomadas de las ediciones de la Academia, de Pellicer, Clemencín y Hartzenbusch. Ilustraciones de Carnicero, del Castillo, Brunete, Barranco, Rivelles y otros. Semipiel; lomeras decoradas con filetes dorados Lúdovik Osterc | ||
| 500 | _aQM210 | ||
| 650 | 1 | 4 |
_aNovela española _yÉpoca clásica, 1500-1700 _9215 |
| 650 | 1 | 4 |
_aLiteratura española _yÉpoca clásica, 1500-1700 _9216 |
| 650 | 1 | 4 |
_aNovela española _ySiglo XVII _9217 |
| 650 | 1 | 4 |
_aDon Quijote (Personaje ficticio) _eNovela _9218 |
| 700 | 1 |
_aCarnicero Mancio, Antonio _d1748-1814 _eIlustrador _97682 |
|
| 700 | 1 |
_aCastillo, José del _d1737-1793 _eIlustrador _97683 |
|
| 740 | 0 | _aEl Ingenioso Hidalgo Don Quijote de la Mancha | |
| 902 | _aQFM | ||
| 942 |
_2lcc _cB |
||
| 999 |
_c2457 _d2457 |
||